| 000 | 00564nam a2200169Ia 4500 | ||
|---|---|---|---|
| 005 | 20250923145826.0 | ||
| 008 | 008 250917s9999 xx 000 0 eng d | ||
| 037 | _aTextual | ||
| 040 |
_aDSWL _beng _cDSWL |
||
| 041 |
_aeng _2eng |
||
| 084 |
_aT2:3(YX)'N89t4, N90 _qDSWL |
||
| 100 |
_aKumar, Manju Lata _9839316 |
||
| 245 | 0 |
_aAttitude of teachers and students toward and school social work programme _cby Manju Lata Kumar |
|
| 260 |
_aDelhi _b Deptt. of Social work _c1989 |
||
| 942 |
_cTEXL _hT2:3(YX)'N89t4, N90 |
||
| 999 |
_c1456161 _d1456161 |
||